[Event "Sydney op-A"]
[Site "Parramatta"]
[Date "2008.03.28"]
[Round "6"]
[White "Cua, Sherily"]
[Black "Antic, Dejan"]
[Result "1-0"]
[WhiteElo "2132"]
[BlackElo "2480"]
[PlyCount "161"]
[EventDate "2008.03.25"]
[EventType "swiss"]
[EventRounds "9"]
[EventCountry "AUS"]
[SourceTitle "CBM 123 Extra"]
[Source "ChessBase"]
[SourceDate "2008.05.06"]
[SourceVersion "1"]
[SourceVersionDate "2008.05.06"]
[SourceQuality "1"]

1. d4 Nf6 2. c4 g6 3. Nc3 Bg7 4. e4 d6 5. f3 0-0 6. Be3 Nbd7 7. Qd2 c5 8. Nge2 a6 9. Nc1 cxd4 10. Bxd4 Ne5 11. Nb3 Be6 12. Nd5 Rc8 13. Bb6 Qd7 14. Be3 Bxd5 15. cxd5 Rc7 16. Be2 Rfc8 17. Nd4 Nc4 18. Bxc4 Rxc4 19. 0-0 Qc7 20. Rad1 Nd7 21. Rf2 Ne5 22. g3 Rc5 23. b3 Rc3 24. Qe2 Nd7 25. Rd3 Ne5 26. Rd1 Qd8 27. Kg2 Qf8 28. Rff1 Bh6 29. f4 Nd7 30. Rc1 Bg7 31. Qd2 R3c7 32. Rxc7 Rxc7 33. Rc1 Qc8 34. Rxc7 Qxc7 35. Qc2 Qd8 36. Nf3 Nf6 37. h3 Qd7 38. Qc4 e6 39. dxe6 fxe6 40. Bf2 d5 41. exd5 exd5 42. Qd3 Ne4 43. Bd4 Bxd4 44. Nxd4 Qc7 45. Qc2 Qxc2+ 46. Nxc2 Kf7 47. Kf3 Ke7 48. g4 Kd6 49. Ke3 b5 50. b4 Nc3 51. a3 Na4 52. Ke2 Nb2 53. Ke3 Nc4+ 54. Kd4 a5 55. bxa5 Nxa5 56. Nb4 Nb3+ 57. Kc3 Nc5 58. Nd3 Ne6 59. Kb4 Nd4 60. Kc3 Nc6 61. Nb4 Na5 62. Nd3 Nc6 63. Nb4 Nd8 64. Nd3 Ne6 65. Kb4 Nc7 66. Kc3 Na6 67. Nb4 Nc7 68. Nd3 h5 69. Ne5 hxg4 70. hxg4 Kc5 71. Nxg6 d4+ 72. Kd3 Nd5 73. g5 b4 74. axb4+ Nxb4+ 75. Kd2 Kd5 76. f5 Nc6 77. f6 Ke6 78. Nf4+ Kf7 79. Kd3 Ne5+ 80. Ke4 Ng4 81. Nd5 1-0

[Event "Olympiad Women-37"]
[Site "Turin"]
[Date "2006.05.31"]
[Round "10"]
[White "Cua, Sherily"]
[Black "Pasku, Roela"]
[Result "1-0"]
[WhiteElo "1954"]
[BlackElo "1892"]
[PlyCount "100"]
[EventDate "2006.05.21"]
[EventType "team-swiss"]
[EventRounds "13"]
[EventCountry "ITA"]
[SourceTitle "CBM 112 Extra"]
[Source "ChessBase"]
[SourceDate "2006.07.14"]
[SourceVersion "1"]
[SourceVersionDate "2006.07.14"]
[SourceQuality "1"]
[WhiteTeam "Philippines (W)"]
[BlackTeam "Albania (W)"]
[WhiteTeamCountry "PHI"]
[BlackTeamCountry "ALB"]

1. d4 Nf6 2. c4 g6 3. Nc3 Bg7 4. e4 d6 5. f3 0-0 6. Be3 Nc6 7. Nge2 e5 8. d5 Na5 9. Nc1 c5 10. dxc6 bxc6 11. Be2 c5 12. Qd2 Nc6 13. h4 Nd4 14. g4 Ne8 15. h5 f5 16. hxg6 hxg6 17. gxf5 gxf5 18. Nd3 Be6 19. Nf2 Rb8 20. 0-0-0 Qa5 21. Bh6 f4 22. Rdg1 Qb4 23. Nfd1 Bxc4 24. Bxc4+ Qxc4 25. Bxg7 Nxg7 26. Qh2 Nde6 27. Qh7+ Kf7 28. Rh6 Rb7 29. Rxe6 Kxe6 30. Rxg7 Rxg7 31. Qxg7 Rf7 32. Qg6+ Kd7 33. b3 Qe6 34. Qg8 Qe8 35. Qg2 Qh8 36. Qg4+ Kc6 37. Qe6 Rb7 38. Qc4 Qb8 39. Qa4+ Kc7 40. Nd5+ Kd8 41. N1c3 Rh7 42. Nf6 Rh1+ 43. Kd2 Ke7 44. Ncd5+ Kf7 45. Qd7+ Kg6 46. Qg4+ Kf7 47. Nh5 Rh2+ 48. Kc3 Qf8 49. Qf5+ Ke8 50. Nhf6+ Kf7 1-0

[Event "Olympiad Women-37"]
[Site "Turin"]
[Date "2006.05.23"]
[Round "3"]
[White "Cua, Sherily"]
[Black "Hund, Barbara"]
[Result "0-1"]
[WhiteElo "1954"]
[BlackElo "2261"]
[PlyCount "92"]
[EventDate "2006.05.21"]
[EventType "team-swiss"]
[EventRounds "13"]
[EventCountry "ITA"]
[SourceTitle "CBM 112 Extra"]
[Source "ChessBase"]
[SourceDate "2006.07.14"]
[SourceVersion "1"]
[SourceVersionDate "2006.07.14"]
[SourceQuality "1"]
[WhiteTeam "Philippines (W)"]
[BlackTeam "Switzerland (W)"]
[WhiteTeamCountry "PHI"]
[BlackTeamCountry "SUI"]

1. d4 Nf6 2. c4 e6 3. Nf3 Bb4+ 4. Bd2 a5 5. g3 0-0 6. Bg2 Ne4 7. 0-0 Nxd2 8. Nfxd2 Be7 9. Nc3 d6 10. e3 Nc6 11. Qe2 Re8 12. Rfd1 Bf8 13. Rac1 Rb8 14. a3 Bd7 15. Nb3 b6 16. Qc2 e5 17. c5 a4 18. Na1 exd4 19. exd4 b5 20. cxd6 Bxd6 21. Ne4 Na5 22. Nc5 Bg4 23. Re1 Qf6 24. Qc3 Nc4 25. Nxa4 Rxe1+ 26. Rxe1 bxa4 27. Qxc4 Rxb2 28. Nc2 Bd7 29. Re3 g6 30. Bd5 Bf5 31. Ne1 Be6 32. Rf3 Bxd5 33. Qxd5 Qe6 34. Qa8+ Kg7 35. Qa5 Qe2 36. Kg2 Rd2 37. Qd5 f5 38. g4 Qxe1 39. gxf5 Rd1 40. f6+ Kf8 41. Qa8+ Kf7 42. Qd5+ Qe6 43. Qg5 Rxd4 44. h3 Qe5 45. Qh6 Qh2+ 46. Kf1 Qh1+ 0-1

[Event "Olympiad Women-37"]
[Site "Turin"]
[Date "2006.05.22"]
[Round "2"]
[White "Cua, Sherily"]
[Black "Quinn, Deborah"]
[Result "1-0"]
[WhiteElo "1954"]
[BlackElo "1813"]
[PlyCount "59"]
[EventDate "2006.05.21"]
[EventType "team-swiss"]
[EventRounds "13"]
[EventCountry "ITA"]
[SourceTitle "CBM 112 Extra"]
[Source "ChessBase"]
[SourceDate "2006.07.14"]
[SourceVersion "1"]
[SourceVersionDate "2006.07.14"]
[SourceQuality "1"]
[WhiteTeam "Philippines (W)"]
[BlackTeam "Ireland (W)"]
[WhiteTeamCountry "PHI"]
[BlackTeamCountry "IRL"]

1. d4 d5 2. Nf3 Nc6 3. c4 Bg4 4. e3 e6 5. Be2 Nf6 6. Nc3 Be7 7. 0-0 0-0 8. Bd2 dxc4 9. Bxc4 e5 10. d5 Nb4 11. e4 c6 12. dxc6 Nxc6 13. Be2 Bc5 14. Bg5 h6 15. Bh4 Bxf3 16. Bxf3 g5 17. Bg3 Bd4 18. Qe2 Bxc3 19. bxc3 Qa5 20. Rac1 Rfd8 21. h4 Nh7 22. Bg4 Rf8 23. Bf5 Rad8 24. Qh5 Rd6 25. Rfd1 Rf6 26. Rd7 Qc5 27. Rd5 Qa3 28. Rcd1 Qxc3 29. Rd6 Nd4 30. Bxh7+ 1-0